000 00363nam a2200133Ia 4500
008 220204s9999 xx 000 0 und d
082 _a581.522.5
_bAHM
100 _aAhmad, Sami
245 0 _aOxidative stress and antioxidant defenses in biology
260 _aNew York
_bChapman & Hall
_c1995
650 _aAntioxidants
650 _aPathophysiology
942 _cBK
999 _c41056
_d41056